[Event "AUS-ch Major"]
[Site "Cammeray"]
[Date "2010.01.13"]
[Round "11"]
[White "Hu, Jason"]
[Black "Hare, Tim"]
[Result "1-0"]
[WhiteElo "2113"]
[BlackElo "2060"]
[PlyCount "73"]
[EventDate "2010.01.02"]
[EventType "swiss"]
[EventRounds "11"]
[EventCountry "AUS"]
[SourceTitle "EXT 2011"]
[Source "ChessBase"]
[SourceDate "2010.11.26"]
[SourceVersion "1"]
[SourceVersionDate "2010.11.26"]
[SourceQuality "1"]

1. c4 g6 2. Nc3 Bg7 3. e4 c5 4. g3 Nc6 5. Bg2 e6 6. Nge2 Nge7 7. 0-0 0-0 8. d3 d6 9. Be3 Nd4 10. Qd2 Nec6 11. Bh6 a6 12. Bxg7 Kxg7 13. f4 Rb8 14. Nxd4 Nxd4 15. e5 f5 16. exf6+ Qxf6 17. b4 b6 18. Rab1 Bd7 19. Ne4 Qe7 20. Rb2 Bc6 21. Rfb1 Bxe4 22. Bxe4 Rfd8 23. bxc5 d5 24. cxd5 exd5 25. Bg2 Qxc5 26. Kh1 Rdc8 27. Qe3 Re8 28. Qg1 b5 29. Rc1 Qb6 30. Bxd5 Qf6 31. Rc7+ Kh6 32. g4 g5 33. Qg3 Re7 34. fxg5+ Kxg5 35. Rxe7 Qxe7 36. Qxb8 Qe1+ 37. Kg2 1-0

[Event "AUS-ch Major"]
[Site "Cammeray"]
[Date "2010.01.06"]
[Round "4"]
[White "Hare, Tim"]
[Black "Castor, David"]
[Result "1-0"]
[WhiteElo "2060"]
[BlackElo "1885"]
[PlyCount "81"]
[EventDate "2010.01.02"]
[EventType "swiss"]
[EventRounds "11"]
[EventCountry "AUS"]
[SourceTitle "EXT 2011"]
[Source "ChessBase"]
[SourceDate "2010.11.26"]
[SourceVersion "1"]
[SourceVersionDate "2010.11.26"]
[SourceQuality "1"]

1. Nf3 d5 2. g3 c6 3. b3 Bg4 4. Bb2 Nf6 5. Bg2 e6 6. 0-0 Nbd7 7. d4 Bd6 8. c4 b6 9. Nbd2 0-0 10. Ne5 Bxe5 11. dxe5 Ne8 12. h3 Bf5 13. Rc1 Rc8 14. g4 Bg6 15. f4 f6 16. cxd5 cxd5 17. Ba3 Nc5 18. b4 Nb7 19. b5 Nc5 20. f5 Bf7 21. Nb3 fxe5 22. fxe6 Bxe6 23. Rxf8+ Kxf8 24. Nxc5 bxc5 25. Bxc5+ Kg8 26. Bxa7 Qa5 27. b6 Rxc1 28. Qxc1 Nd6 29. Qc6 Qb4 30. Qxd6 Qxd6 31. b7 Qa3 32. b8Q+ Kf7 33. Bf2 Qxa2 34. Qxe5 h6 35. Bd4 Qb1+ 36. Kh2 Qd1 37. Qxg7+ Ke8 38. Bf6 Bf7 39. Qh8+ Kd7 40. Qf8 Be6 41. Qe7+ 1-0

[Event "AUS-ch Major"]
[Site "Parramatta"]
[Date "2008.01.03"]
[Round "3"]
[White "Hare, Tim"]
[Black "Low, Frank"]
[Result "1-0"]
[WhiteElo "2170"]
[BlackElo "1579"]
[PlyCount "63"]
[EventDate "2008.01.02"]
[EventType "swiss"]
[EventRounds "11"]
[EventCountry "AUS"]
[SourceTitle "EXT 2010"]
[Source "ChessBase"]
[SourceDate "2010.11.25"]
[SourceVersion "1"]
[SourceVersionDate "2010.11.25"]
[SourceQuality "1"]

1. g3 e5 2. Bg2 d5 3. d3 Nf6 4. c3 c5 5. Na3 Nc6 6. Bg5 Be7 7. e4 d4 8. Bxf6 Bxf6 9. c4 0-0 10. Ne2 Qa5+ 11. Qd2 Qxd2+ 12. Kxd2 Be7 13. Nb5 f5 14. f4 fxe4 15. dxe4 Bg4 16. Nc7 Rac8 17. Nd5 Rf7 18. Nc1 Rcf8 19. Nd3 exf4 20. gxf4 Nb4 21. N5xb4 cxb4 22. h3 Bh5 23. e5 Rxf4 24. Nxf4 Bg5 25. Bd5+ Kh8 26. Raf1 Rxf4 27. Rxf4 Bxf4+ 28. Kd3 Bxe5 29. Bxb7 Bg6+ 30. Be4 Bxe4+ 31. Kxe4 Bf6 32. c5 1-0

[Event "WA State-ch"]
[Site "South Perth"]
[Date "2006.08.27"]
[Round "9"]
[White "Saxon, Marc"]
[Black "Hare, Tim"]
[Result "1-0"]
[WhiteElo "1702"]
[BlackElo "2067"]
[PlyCount "75"]
[EventDate "2006.07.02"]
[EventType "swiss"]
[EventRounds "9"]
[EventCountry "AUS"]
[SourceTitle "EXT 2008"]
[Source "ChessBase"]
[SourceDate "2007.11.25"]
[SourceVersion "1"]
[SourceVersionDate "2007.11.25"]
[SourceQuality "1"]

1. e4 c5 2. Nf3 e6 3. d4 cxd4 4. Nxd4 Bc5 5. Be3 Qb6 6. Nc3 Nc6 7. Na4 Qa5+ 8. c3 Bxd4 9. Bxd4 Nxd4 10. b4 Nc2+ 11. Qxc2 Qe5 12. Bd3 Nf6 13. g3 g5 14. 0-0 Rg8 15. Nb2 h5 16. Nc4 Qc7 17. e5 Ng4 18. Nd6+ Ke7 19. c4 Nxe5 20. c5 a6 21. f4 gxf4 22. Rxf4 b6 23. Raf1 bxc5 24. bxc5 f5 25. Bxf5 exf5 26. Rxf5 Bb7 27. Rxe5+ Kd8 28. Qh7 Qc6 29. Nxb7+ Kc7 30. Nd6 Rab8 31. Qe4 h4 32. Qxc6+ Kxc6 33. Kg2 Rb2+ 34. Rf2 h3+ 35. Kf3 Rgb8 36. Rxb2 Rxb2 37. Re2 Rb4 38. Ne4 1-0

[Event "WA State-ch"]
[Site "South Perth"]
[Date "2006.08.13"]
[Round "7"]
[White "Pavlovic, Michael"]
[Black "Hare, Tim"]
[Result "0-1"]
[WhiteElo "1697"]
[BlackElo "2067"]
[PlyCount "40"]
[EventDate "2006.07.02"]
[EventType "swiss"]
[EventRounds "9"]
[EventCountry "AUS"]
[SourceTitle "EXT 2008"]
[Source "ChessBase"]
[SourceDate "2007.11.25"]
[SourceVersion "1"]
[SourceVersionDate "2007.11.25"]
[SourceQuality "1"]

1. d4 f5 2. g3 g6 3. Bg2 Bg7 4. Nf3 d6 5. c4 c6 6. 0-0 Nh6 7. Nc3 Nf7 8. e4 0-0 9. d5 e5 10. dxe6 Bxe6 11. exf5 gxf5 12. Qe2 Re8 13. Qd3 Nd7 14. b3 Nde5 15. Qc2 Nxf3+ 16. Bxf3 d5 17. cxd5 cxd5 18. Bb2 d4 19. Na4 Rc8 20. Qd2 b5 0-1

[Event "WA State-ch"]
[Site "South Perth"]
[Date "2006.07.02"]
[Round "1"]
[White "Hare, Tim"]
[Black "Markou, Victor"]
[Result "1-0"]
[WhiteElo "2067"]
[BlackElo "1426"]
[PlyCount "91"]
[EventDate "2006.07.02"]
[EventType "swiss"]
[EventRounds "9"]
[EventCountry "AUS"]
[SourceTitle "EXT 2008"]
[Source "ChessBase"]
[SourceDate "2007.11.25"]
[SourceVersion "1"]
[SourceVersionDate "2007.11.25"]
[SourceQuality "1"]

1. c4 Nf6 2. Nc3 e6 3. e4 d6 4. d4 Be7 5. Nf3 Nbd7 6. Be2 0-0 7. 0-0 c5 8. b3 b6 9. Bb2 Bb7 10. d5 e5 11. Qc2 a6 12. a3 h6 13. Nd1 Bc8 14. Ne3 Re8 15. Nd2 Nf8 16. f4 exf4 17. Rxf4 Ng6 18. Rf2 Ne5 19. Raf1 Rf8 20. Bxe5 dxe5 21. Nf3 Bd6 22. Nd2 Nh7 23. Nf5 Bxf5 24. Rxf5 Ra7 25. Qd3 Qe8 26. Qg3 f6 27. Bh5 Qd8 28. Bg6 Ng5 29. R5f2 Kh8 30. h4 Nh7 31. Re1 Qe7 32. Nf1 Rg8 33. Ne3 Nf8 34. Nf5 Qd7 35. h5 Bb8 36. Nh4 b5 37. Bf5 Qe8 38. Qg4 bxc4 39. bxc4 Rb7 40. Be6 Nxe6 41. dxe6 Bd6 42. Ng6+ Kh7 43. Qf5 Rh8 44. Ne7+ g6 45. hxg6+ Kg7 46. Qxf6# 1-0

[Event "Perth Huntingdale Masters"]
[Site "Perth"]
[Date "2006.06.26"]
[Round "7"]
[White "Dunlop, Gordon"]
[Black "Hare, Tim"]
[Result "0-1"]
[WhiteElo "1812"]
[BlackElo "2067"]
[PlyCount "128"]
[EventDate "2006.04.21"]
[EventType "tourn"]
[EventRounds "9"]
[EventCountry "AUS"]
[SourceTitle "EXT 2010"]
[Source "ChessBase"]
[SourceDate "2010.11.25"]
[SourceVersion "1"]
[SourceVersionDate "2010.11.25"]
[SourceQuality "1"]

1. e4 g6 2. d4 Bg7 3. c4 d6 4. Nc3 c6 5. Be2 Na6 6. Nf3 Nc7 7. 0-0 Bg4 8. Be3 Nf6 9. Qd2 h6 10. h3 Bxf3 11. Bxf3 Nd7 12. d5 c5 13. Be2 a6 14. f4 0-0 15. e5 Kh7 16. Ne4 dxe5 17. fxe5 b6 18. d6 Ne6 19. dxe7 Qxe7 20. Bxh6 Bxe5 21. Bxf8 Rxf8 22. Rad1 Bd4+ 23. Kh1 f5 24. Nf2 Ne5 25. b3 Ng5 26. Bd3 Ne6 27. Rde1 Qh4 28. Nd1 Qg3 29. Be2 Ng5 30. Qf4 Ne4 31. Qxg3 Nxg3+ 32. Kh2 Nxf1+ 33. Bxf1 Re8 34. Re2 Kg7 35. g3 Kf6 36. Kg2 Re6 37. Ne3 Bxe3 38. Rxe3 Rd6 39. Re2 g5 40. Rc2 Nc6 41. Kf2 Rd4 42. Re2 Ne5 43. Bg2 a5 44. Ke3 a4 45. Bd5 axb3 46. axb3 Rd3+ 47. Kf2 Rxb3 48. Ra2 Nd3+ 49. Kg2 Rb2+ 50. Rxb2 Nxb2 51. Kf3 Nd3 52. h4 Ne5+ 53. Ke3 Ng6 54. hxg5+ Kxg5 55. Bf3 Ne5 56. Be2 Nc6 57. Kd3 Nd4 58. Bd1 Kf6 59. g4 f4 60. Ke4 Kg5 61. Kd5 f3 62. Bxf3 Nxf3 63. Kc6 Ne5+ 64. Kxb6 Nd3 0-1

[Event "Perth Huntingdale Masters"]
[Site "Perth"]
[Date "2006.04.28"]
[Round "2"]
[White "Boyd, Tristan"]
[Black "Hare, Tim"]
[Result "1/2-1/2"]
[WhiteElo "2240"]
[BlackElo "2067"]
[PlyCount "83"]
[EventDate "2006.04.21"]
[EventType "tourn"]
[EventRounds "9"]
[EventCountry "AUS"]
[SourceTitle "EXT 2010"]
[Source "ChessBase"]
[SourceDate "2010.11.25"]
[SourceVersion "1"]
[SourceVersionDate "2010.11.25"]
[SourceQuality "1"]

1. e4 g6 2. d4 Bg7 3. c4 d6 4. Nc3 c6 5. Be3 Nd7 6. f3 a6 7. Rc1 Ngf6 8. Bd3 b5 9. a3 Rb8 10. cxb5 cxb5 11. Nge2 Nb6 12. 0-0 0-0 13. b3 Bb7 14. Qd2 Nbd7 15. Rfd1 Rc8 16. Na2 Rxc1 17. Rxc1 Qb8 18. a4 bxa4 19. bxa4 Rc8 20. a5 Rxc1+ 21. Nexc1 Qc7 22. Nb3 Nb8 23. Nb4 Nfd7 24. Qc2 Qxc2 25. Nxc2 e6 26. Nb4 Kf8 27. Kf1 Ke8 28. g4 Bf8 29. d5 Nc5 30. Bc4 e5 31. Nxc5 dxc5 32. Nd3 Nd7 33. Bb3 Bd6 34. Ba4 c4 35. Nb2 c3 36. Nc4 Ke7 37. Nxd6 Kxd6 38. Bxd7 Kxd7 39. Ke2 Kd6 40. Kd3 Bc8 41. Ba7 Kc7 42. Kxc3 1/2-1/2

[Event "Perth Midland"]
[Site "Perth"]
[Date "2005.11.09"]
[Round "6"]
[White "Fedec, John"]
[Black "Hare, Tim"]
[Result "1-0"]
[WhiteElo "1858"]
[BlackElo "2078"]
[PlyCount "87"]
[EventDate "2005.09.28"]
[EventType "tourn"]
[EventRounds "7"]
[EventCountry "AUS"]
[SourceTitle "EXT 2010"]
[Source "ChessBase"]
[SourceDate "2010.11.25"]
[SourceVersion "1"]
[SourceVersionDate "2010.11.25"]
[SourceQuality "1"]

1. d4 f5 2. e4 fxe4 3. Nc3 Nf6 4. Bg5 Nc6 5. d5 Ne5 6. Qd4 Nf7 7. h4 c6 8. 0-0-0 Qa5 9. Bxf6 gxf6 10. Qxe4 Qc7 11. Nge2 Qe5 12. Qa4 a5 13. f4 Qe3+ 14. Kb1 b5 15. Qd4 Qxd4 16. Nxd4 Bb7 17. dxc6 dxc6 18. Ndxb5 Rc8 19. Nd4 Bh6 20. Ne6 Nd6 21. Na4 Kf7 22. Nac5 Rb8 23. Be2 Bc8 24. Bh5+ Kg8 25. g4 Bxe6 26. Nxe6 Bf8 27. g5 f5 28. Rhg1 Bg7 29. b3 a4 30. Bf3 Rb6 31. h5 a3 32. h6 Bb2 33. Bh5 Rb8 34. c4 Ne4 35. Kc2 Nd6 36. c5 Nf7 37. Rd3 Rc8 38. Rgd1 Re8 39. Rb1 Rc8 40. Rxb2 axb2 41. Kxb2 Ra8 42. a3 Rb8 43. Rd7 Nxh6 44. Rxe7 1-0

[Event "West Australia-ch"]
[Site "South Perth"]
[Date "2005.08.28"]
[Round "9"]
[White "Choong, Yita"]
[Black "Hare, Tim"]
[Result "0-1"]
[WhiteElo "1633"]
[BlackElo "2097"]
[PlyCount "74"]
[EventDate "2005.07.03"]
[EventType "swiss"]
[EventRounds "9"]
[EventCountry "AUS"]
[SourceTitle "EXT 2009"]
[Source "ChessBase"]
[SourceDate "2008.11.26"]
[SourceVersion "1"]
[SourceVersionDate "2008.11.26"]
[SourceQuality "1"]

1. e4 c5 2. Nf3 a6 3. d4 cxd4 4. Nxd4 e5 5. Nb3 d6 6. Nc3 Be6 7. Be3 Nf6 8. f3 Be7 9. Be2 Nbd7 10. 0-0 0-0 11. Qd2 Rc8 12. Rfd1 Qc7 13. Rac1 Nb6 14. a4 d5 15. exd5 Nbxd5 16. Nxd5 Nxd5 17. Bf2 Nf4 18. Be3 Bxb3 19. cxb3 Qxc1 20. Rxc1 Rxc1+ 21. Kf2 Nxe2 22. Kxe2 Rc6 23. Qd7 Bf6 24. Qxb7 Rc2+ 25. Kd3 Rxb2 26. g4 h6 27. Kc4 Rc2+ 28. Kb4 Rfc8 29. Qxa6 Be7+ 30. Ka5 Rb8 31. Qd3 Rc6 32. Bd2 Bd8+ 33. Qxd8+ Rxd8 34. Kb5 Rxd2 35. Kxc6 Rb2 36. a5 Rxb3 37. a6 Rxf3 0-1

[Event "West Australia-ch"]
[Site "South Perth"]
[Date "2005.08.07"]
[Round "6"]
[White "Hare, Tim"]
[Black "Leonhardt, Wolfgang"]
[Result "0-1"]
[WhiteElo "2097"]
[BlackElo "1916"]
[PlyCount "108"]
[EventDate "2005.07.03"]
[EventType "swiss"]
[EventRounds "9"]
[EventCountry "AUS"]
[SourceTitle "EXT 2009"]
[Source "ChessBase"]
[SourceDate "2008.11.26"]
[SourceVersion "1"]
[SourceVersionDate "2008.11.26"]
[SourceQuality "1"]

1. Nf3 Nf6 2. g3 e6 3. Bg2 d5 4. 0-0 Be7 5. b3 0-0 6. Bb2 c5 7. d3 Nc6 8. Nbd2 Qc7 9. c4 d4 10. a3 a5 11. e4 dxe3 12. fxe3 e5 13. Qe2 Bg4 14. h3 Bd7 15. Qf2 Rad8 16. Rad1 Bd6 17. Nh4 Nh5 18. g4 Nf6 19. Nf5 Bxf5 20. Qxf5 Ne7 21. Qf2 h6 22. Ne4 Nd7 23. Ng3 Qb6 24. Rb1 Bb8 25. Be4 Nf6 26. Qg2 Rd7 27. Rf2 Nxe4 28. Qxe4 Qxb3 29. Rd2 Qb6 30. Rf1 Qc6 31. d4 exd4 32. Qxc6 Nxc6 33. Nf5 Rfd8 34. exd4 cxd4 35. Rfd1 Ba7 36. Kf2 Kh7 37. Kf3 Ne5+ 38. Kg3 Nxc4 39. Rc2 Nxb2 40. Rxb2 g6 41. Nh4 d3 42. Nf3 f5 43. gxf5 gxf5 44. a4 Bb8+ 45. Kf2 Rg8 46. Rb5 Ba7+ 47. Kf1 Rg3 48. Rxf5 Bb8 49. h4 Bc7 50. h5 Kg7 51. Kf2 Rg4 52. Rb5 Rxa4 53. Rb3 Ra2+ 54. Ke3 Re2# 0-1

[Event "West Australia-ch"]
[Site "South Perth"]
[Date "2005.07.03"]
[Round "1"]
[White "Janceski, Alex"]
[Black "Hare, Tim"]
[Result "0-1"]
[WhiteElo "1662"]
[BlackElo "2097"]
[PlyCount "70"]
[EventDate "2005.07.03"]
[EventType "swiss"]
[EventRounds "9"]
[EventCountry "AUS"]
[SourceTitle "EXT 2009"]
[Source "ChessBase"]
[SourceDate "2008.11.26"]
[SourceVersion "1"]
[SourceVersionDate "2008.11.26"]
[SourceQuality "1"]

1. d4 c5 2. Nf3 cxd4 3. Nxd4 Nf6 4. Nc3 e5 5. Nb3 Bb4 6. Bd2 0-0 7. a3 Be7 8. e4 Nc6 9. Be3 d6 10. Be2 Be6 11. 0-0 a6 12. f3 Rc8 13. Qd2 d5 14. exd5 Nxd5 15. Nxd5 Bxd5 16. Nc1 Nd4 17. Bd3 f5 18. c3 Ne6 19. Re1 Qd6 20. Qc2 g6 21. Ne2 Qc6 22. Qd2 Rfd8 23. Qc1 Bxf3 24. Bc4 Qxc4 25. gxf3 Rd3 26. Kg2 f4 27. Bf2 Rxf3 28. Ng1 Rxf2+ 29. Kxf2 Bh4+ 30. Kg2 Bxe1 31. Qxe1 e4 32. Rd1 Rf8 33. Nh3 f3+ 34. Kh1 Qe2 35. Nf2 e3 0-1

[Event "AUS-ch reserves"]
[Site "Adelaide"]
[Date "2004.01.10"]
[Round "11.23"]
[White "Hare, Tim"]
[Black "Flitney, Adrian"]
[Result "0-1"]
[WhiteElo "1915"]
[BlackElo "1876"]
[PlyCount "38"]
[EventDate "2003.12.??"]
[EventType "swiss"]
[EventRounds "11"]
[EventCountry "AUS"]
[SourceTitle "EXT 2005"]
[Source "ChessBase"]
[SourceDate "2004.11.15"]
[SourceVersion "1"]
[SourceVersionDate "2004.11.15"]
[SourceQuality "1"]

1. Nf3 d5 2. g3 Nf6 3. Bg2 Nc6 4. 0-0 e5 5. d3 Be6 6. c3 Bd6 7. Nbd2 Qd7 8. Re1 Bh3 9. Bh1 e4 10. Ng5 e3 11. fxe3 h5 12. Nxh3 h4 13. Nf4 hxg3 14. hxg3 Bxf4 15. Bg2 Bxe3+ 16. Kf1 Rh1+ 17. Bxh1 Qh3+ 18. Bg2 Qxg3 19. Ne4 Ng4 0-1

[Event "AUS-ch reserves"]
[Site "Adelaide"]
[Date "2004.01.04"]
[Round "6.26"]
[White "Frost, Peter"]
[Black "Hare, Tim"]
[Result "0-1"]
[WhiteElo "1743"]
[BlackElo "1915"]
[PlyCount "132"]
[EventDate "2003.12.??"]
[EventType "swiss"]
[EventRounds "11"]
[EventCountry "AUS"]
[SourceTitle "EXT 2005"]
[Source "ChessBase"]
[SourceDate "2004.11.15"]
[SourceVersion "1"]
[SourceVersionDate "2004.11.15"]
[SourceQuality "1"]

1. d4 c5 2. d5 f5 3. g3 Nf6 4. Bg2 d6 5. Nf3 g6 6. 0-0 Bg7 7. c4 0-0 8. Nc3 Na6 9. Re1 Nc7 10. Ng5 Rb8 11. e4 h6 12. Nh3 fxe4 13. Nf4 Bf5 14. Nxe4 b5 15. Nxf6+ Bxf6 16. g4 g5 17. gxf5 gxf4 18. Bxf4 Bg7 19. Qg4 Rf6 20. Re3 Qf8 21. Rae1 Re8 22. Bg3 Rxf5 23. Bh4 bxc4 24. Be4 Rf4 25. Qg6 Qf7 26. Bg3 Rf6 27. Qxf7+ Kxf7 28. Bh4 Rf4 29. Bg3 Rxe4 30. Rf3+ Bf6 31. Rxe4 Rb8 32. Rxc4 Rxb2 33. Ra4 Nxd5 34. Bh4 Rb4 35. Rxb4 Nxb4 36. Bxf6 exf6 37. a3 Nc6 38. Rh3 Kg6 39. Rd3 Nd4 40. Rg3+ Kf5 41. Kf1 c4 42. Ke1 d5 43. Kd2 h5 44. Rg7 a5 45. Rd7 Ke4 46. Rh7 Nf3+ 47. Kc3 h4 48. a4 f5 49. Ra7 Ne5 50. Rxa5 d4+ 51. Kc2 c3 52. Ra8 Nc6 53. a5 Nb4+ 54. Kd1 Kf3 55. a6 d3 56. a7 Nc6 57. Rd8 Nxa7 58. Rxd3+ Kxf2 59. Rh3 f4 60. Rxh4 f3 61. Rf4 Nb5 62. h4 Ke3 63. Rf8 Nd4 64. h5 c2+ 65. Kc1 Kd3 66. Rd8 f2 0-1

[Event "WA State-ch"]
[Site "Perth"]
[Date "2004.??.??"]
[Round "8"]
[White "Dunlop, Gordon"]
[Black "Hare, Tim"]
[Result "1-0"]
[WhiteElo "1765"]
[BlackElo "2055"]
[PlyCount "103"]
[EventDate "2004.??.??"]
[EventType "swiss"]
[EventRounds "9"]
[EventCountry "AUS"]
[SourceTitle "EXT 2007"]
[Source "ChessBase"]
[SourceDate "2006.11.23"]
[SourceVersion "1"]
[SourceVersionDate "2006.11.23"]
[SourceQuality "1"]

1. e4 c5 2. Nf3 Nc6 3. d4 cxd4 4. Nxd4 e5 5. Nb5 d6 6. N1c3 a6 7. Na3 Be6 8. Nd5 Nf6 9. Bg5 Be7 10. Bxf6 Bxf6 11. Nxf6+ gxf6 12. Bc4 Qa5+ 13. c3 0-0-0 14. Qd3 d5 15. Bxd5 Bxd5 16. exd5 Qxd5 17. Qxd5 Rxd5 18. Nc4 Kc7 19. Ke2 Rg8 20. g3 Rgd8 21. Rhd1 Rxd1 22. Rxd1 Rxd1 23. Kxd1 e4 24. Ke2 b5 25. Nd2 f5 26. f3 exf3+ 27. Nxf3 f6 28. Nh4 Ne7 29. Ke3 Kd6 30. b3 a5 31. Nf3 Nd5+ 32. Kd4 b4 33. cxb4 Nxb4 34. Nd2 Kc6 35. a4 Nc2+ 36. Kc3 Ne3 37. Nc4 Nf1 38. Nxa5+ Kc7 39. Nc4 Nxh2 40. Ne3 Nf3 41. Nxf5 Ng5 42. b4 h5 43. Kd4 Nf3+ 44. Kd5 Ne5 45. b5 Kb6 46. Nd6 Ng4 47. Nc4+ Kb7 48. a5 f5 49. Nd6+ Kb8 50. Nxf5 Nf6+ 51. Kc6 Ne4 52. b6 1-0

[Event "AUS-ch reserves"]
[Site "Adelaide"]
[Date "2003.12.31"]
[Round "3.25"]
[White "Hare, Tim"]
[Black "Lindberg, Gordon"]
[Result "1-0"]
[WhiteElo "1915"]
[BlackElo "1690"]
[PlyCount "35"]
[EventDate "2003.12.??"]
[EventType "swiss"]
[EventRounds "11"]
[EventCountry "AUS"]
[SourceTitle "EXT 2005"]
[Source "ChessBase"]
[SourceDate "2004.11.15"]
[SourceVersion "1"]
[SourceVersionDate "2004.11.15"]
[SourceQuality "1"]

1. Nf3 c5 2. c4 Nf6 3. g3 d5 4. cxd5 Nxd5 5. Bg2 Nc6 6. Nc3 g6 7. 0-0 Bg7 8. Qb3 Nb6 9. d3 0-0 10. Qb5 c4 11. dxc4 Be6 12. Rd1 Bxc3 13. Rxd8 Rfxd8 14. bxc3 Rd1+ 15. Bf1 Bh3 16. Bb2 Rad8 17. Nd4 Nxd4 18. cxd4 1-0